Mi guerra en Europa (Registro nro. 41544)
[ vista simple ]
| 000 -ENCABEZADO | |
|---|---|
| Número de control [NR] | 01031nam a2200253Ia 4500 |
| 005 - FECHA Y HORA DE LA ÚLTIMA TRANSACCIÓN | |
| control field | 20211110133937.0 |
| 008 - DE LONGITUD FIJA DE DATOS DE ELEMENTOS - INFORMACIÓN GENERAL | |
| Elementos de longitud fija [NR] | 130821s2007 sp ab gr spa |
| 020 ## - NUMERO INTERNACIONAL NORMALIZADO PARA LIBROS [R] | |
| Número Internacional Normalizado del libro [NR] | 9788496803053 |
| 040 ## - FUENTE DE CATALOGACION [NR] | |
| Agencia de catalogación original [NR] | Co-BoUCM |
| Idioma de catalogación [NR] | spa |
| Quien Cataloga | Saul Niño (Modificó) |
| Quien Clasifica | Aldemar Mondragón (modificó) |
| 041 00 - CODIGO DE IDIOMA [R] | |
| Código de idioma para texto/pista de sonido o título separado [R] | Español |
| 100 1# - ASIENTO PRINCIPAL--NOMBRE PERSONAL [NR] | |
| Nombre personal [NR] | Eisenhower, Dwight D. |
| ID Autoridad | 42274 |
| 245 10 - MENCION DE TITULO [NR] | |
| Título [NR] | Mi guerra en Europa |
| Parte restante del título [NR] | desde la invasión hasta la victoria |
| Mención de responsabilidad, etc. [NR] | General Dwight D. Eisenhower ; traducción de J. Vallvé y F. Gutiérrez |
| 260 ## - PUBLICACION, DISTRIBUCION, ETC. (PIE DE IMPRENTA) [R] | |
| Lugar de publicación, distribución, etc. [R] | Barcelona (España) |
| Nombre del editor, distribuidor, etc. [R] | editorial malabar |
| Fecha de publicación, distribución, etc. [R] | 2007 |
| 300 ## - DESCRIPCION FISICA [R] | |
| Extensión [R] | 328 páginas |
| Otros detalles físicos [NR] | mapas |
| 650 04 - ASIENTO SECUNDARIO DE MATERIA - TERMINO TEMATICO [R] | |
| Término temático o nombre geográfico como elemento de entrada [NR] | Guerra Mundial I, 1914-1918 |
| Subdivisión general [R] | Campañas |
| 9 (RLIN) | 42275 |
| 650 04 - ASIENTO SECUNDARIO DE MATERIA - TERMINO TEMATICO [R] | |
| Término temático o nombre geográfico como elemento de entrada [NR] | Guerra Mundial I, 1914-1918 |
| Subdivisión general [R] | Historiografía |
| 9 (RLIN) | 42276 |
| 650 04 - ASIENTO SECUNDARIO DE MATERIA - TERMINO TEMATICO [R] | |
| Término temático o nombre geográfico como elemento de entrada [NR] | Historia de Europa |
| 9 (RLIN) | 26509 |
| 651 #4 - ASIENTO SECUNDARIO DE MATERIA - NOMBRE GEOGRAFICO [R] | |
| Nombre geográfico [NR] | Europa |
| Subdivisión general [R] | Historia |
| Subdivisión cronológica [R] | Siglo XX |
| 9 (RLIN) | 78288 |
| 700 1# - ASIENTO SECUNDARIO - NOMBRE PERSONAL [R] | |
| Nombre personal [NR] | Gutiérrez, F. |
| Término de relación [R] | traductor |
| 9 (RLIN) | 42277 |
| 700 1# - ASIENTO SECUNDARIO - NOMBRE PERSONAL [R] | |
| Nombre personal [NR] | Vallvé, J. |
| Término de relación [R] | traductor |
| 9 (RLIN) | 42278 |
| 765 ## - ASIENTO DE IDIOMA ORIGINAL [R] | |
| Asiento principal [NR] | Eisenhower's own story of the war |
| 942 ## - ELEMENTOS DE ENTRADA AGREGADOS (KOHA) | |
| Tipo de ítem principal el descrito en 300a | Libro |
| Tema principal | Historia |
| Edición | 1 |
| Parte restante de la signatura top. | E363g |
| Sistema de clasificación | DEWEY |
| Clasificación | 940.542 |
| Fecha de último préstamo | Total préstamos | Signatura topográfica | Código de barras | Última vez visto | Ejemplar | Price effective from | Tipo de ítem | Perdido | Sistema de clasificación | Dañado | No prestable | Tipo de ítem específico | Suprimido | Ubicación habitual | Ubicación actual | Localización | Fecha de creación | Forma de adquisición | Costo |
|---|---|---|---|---|---|---|---|---|---|---|---|---|---|---|---|---|---|---|---|
| 13/03/2013 | 1 | 940.542 E363g | 100131005 | 09/12/2025 | Ej.1 | 03/02/2013 | Libro | DEWEY | Libro | Claustro | Claustro | 2do piso | 28/02/2013 | Compra | 102000.00 |